La dirección de la empresa periodística

Saved in:
Bibliographic Details
Main Authors: Sohn, Ardyth (Author), Ogan, Christine (Author), Polich, John (Author)
Format: Book
Language:Spanish
Published: Barcelona Paidós 1988
Series:Paidós Comunicación, 31
Subjects:
Tags: Add Tag
No Tags, Be the first to tag this record!

MARC

LEADER 00000nam a2200000 a 4500
001 UCM2990
003 CL-VaPUC
008 020621e19880000SP |||||||||||||||||spa|d
082 0 4 |a 070.4068  |b SOH  |2 21 
100 0 |a Sohn, Ardyth  |e author  |9 469807 
700 0 |a Ogan, Christine  |e author  |9 469808 
700 0 |a Polich, John  |e author  |9 469809 
245 1 3 |a La dirección de la empresa periodística 
300 |a 208 p 
942 |c BK 
945 |d 20020621 00:00:00  |a cmena 
260 |a Barcelona  |b Paidós  |c 1988 
650 0 |a Periodismo   |9 310113 
650 0 |a Administración de empresas   |9 260833 
650 0 |a Gestión administrativa  |9 375217 
583 |a last modification  |c 20020621 00:00:00  |k Rodrigo Vera 
490 0 |a Paidós Comunicación, 31 
999 |c 300598  |d 300596 
952 |0 0  |1 0  |4 0  |6 070_406800000000000_SOH_1988  |7 0  |8 A  |9 358566  |a BIBCUR  |b BIBCUR  |d 2019-11-21  |i 3821021  |o 070.4068 SOH 1988  |p 3821021  |r 2025-04-22  |w 2019-11-21  |y BK  |k PER